Diálogos

Saved in:
Bibliografiske detaljer
Hovedforfatter: Platón (Author)
Format: Bog
Sprog:spansk
Udgivet: Ciudad de México U.N.A.M 1965
Serier:Nuestros clásicos, 29
Fag:
Tags: Tilføj Tag
Ingen Tags, Vær først til at tagge denne postø!

MARC

LEADER 00000nam a2200000 a 4500
001 UCY6257
003 CL-VaPUC
005 20230711165948.0
008 950521e19650000MX |||||||||||||||||spa|d
999 |c 233836  |d 233834 
040 |c Pontificia Universidad Católica de Valparaíso 
082 0 4 |a 184  |b PLA  |2 21 
100 0 |a Platón  |e author  |9 222 
245 1 0 |a Diálogos 
246 1 0 |a Hipias Mayor 
246 1 0 |a Ión 
246 1 0 |a Fedro 
260 |a Ciudad de México  |b U.N.A.M  |c 1965 
300 |a 188 p 
490 0 |a Nuestros clásicos, 29 
583 |a last modification  |c 19950521 00:00:00  |k Rodrigo Vera 
650 0 |a Platonismo  |9 265673  |x Filosofía Antigua 
942 |c BK  |2 ddc 
945 |d 19950521 00:00:00  |a oaravena 
952 |0 0  |1 0  |4 0  |6 184_000000000000000_PLA_1965  |7 0  |8 R  |9 239614  |a BIBEDU  |b BIBEDU  |c MCIRC  |d 2019-11-18  |i 1506226  |l 1  |o 184 PLA 1965  |p 1506226  |r 2024-06-18  |s 2024-06-18  |w 2019-11-18  |y BK_R  |k FIL